000 00532nam a2200205Ia 4500
003 OSt
005 20220926042954.0
006 a|||||r|||| 00| 0
007 ta
008 220923b |||||||| |||| 00| 0 eng d
037 _cGeneral Book
040 _aRTL
_cRTL
_beng
041 _2eng
_aeng
082 _aX9-755.2.N6, K6
245 0 _aDIPLOMATIC MISSIONS and foreign collaborators in I
260 _c1966
650 _aIndustrial Economy
942 _hX9-755.2.N6, K6
_cGB
_2CC
999 _c671069
_d671069